Trova l'impostore: Bandiere - Statistics

Statistiche generali
  • Questo quiz è stato fatto 127 volte
  • Il punteggio medio è 13 su 15
Statistiche sulle risposte
Domanda Risposta % Corretto
Quale bandiera è falsa?
100%
Quale bandiera è falsa?
100%
Quale bandiera è falsa?
96%
Quale bandiera è falsa?
92%
Quale bandiera è falsa?
92%
Quale bandiera è falsa?
92%
Quale bandiera è falsa?
90%
Quale bandiera è falsa?
88%
Quale bandiera è falsa?
87%
Quale bandiera è falsa?
87%
Quale bandiera è falsa?
83%
Quale bandiera è falsa?
83%
Quale bandiera è falsa?
81%
Quale bandiera è falsa?
77%
Quale bandiera è falsa?
65%
Nessun quiz corrispondente trovato
Distribuzione punteggi
Percentuale di utenti per punteggio
Percentile per numero di risposta
I tuoi punteggi nel tempo
Non hai fatto questo quiz